Contabilidade das autarquias locais (Registo nº 199051)

Detalhes MARC
000 -Etiqueta do registo
Valores 00830nam 22002413 4500
021 ## - Número do Depósito Legal
Código do país Portugal
Número 2630/83
100 ## - Dados gerais de processamento
Dados gerais 20251114d u||y0pory50 ba
101 ## - Língua de publicação
Língua Português
102 ## - País de publicação
País Portugal
200 ## - Titulo e menção de responsabilidade
Título próprio Contabilidade das autarquias locais
Informação de outro título manual de acompanhamento do decreto-lei no 34183, de 21 de Julho
Primeira menção de responsabilidade Ministério da Administração Interna
205 ## - Menção da edição
Edição
210 ## - Publicação
Local de publicação [Lisboa]
Nome do editor Imprensa Nacional-Casa da Moeda
Data de publicação 1983
215 ## - Descrição física 
Paginação / Volumes 327, [6] p.
Outras indicações físicas brochado
Dimensões 21 cm
305 ## - Nota relativa à edição da publicação
Texto da nota . - oferta de Vanda Teixeira
606 ## - Nome comum usado como assunto
ID Autoridade 35
Palavra de ordem Sociologia. Demografia.Estatística
610 ## - Termos não controlados
Palavra de ordem Estrutura social--Sociedade como sistema social
675 ## - CDU
Notação 316.3"19/20"
Edição PT
Língua por
711 ## - Co-autor principal (colectividade)
ID Autoridade 14950
Nome da entidade Portugal. Ministério da Administração Interna
801 ## - Fonte de origem
País PT
Agência BMMN
Regras de catalogação RPC
830 ## - Notas gerais do catalogador
Criado por Ana
Indexado por Ana
990 ## - Elementos KOHA
Tipo de documento Livro
Exemplares
Situação do levantamento Biblioteca de origem Código de barras Cota Permissão de empréstimo Tipo de documento Forma de aquisição
  Biblioteca Municipal de Montemor-o-Novo 27753 31 CON|DEP   Livro Oferta

Powered by Koha